المرجع في تاريخ مصر في العصور الوسطى / al-Marjiʻ fī tārīkh Miṣr fī al-ʻuṣūr al-wusṭá
محفوظ في:
المؤلف الرئيسي:
مؤلفون آخرون:
التنسيق: كتاب
اللغة: Undetermined
منشور في:
Al-Qāhirah :
al-Majlis al-Aʻlá lil-Thaqāfah, Lajnat al-Tārīkh,
2013.
الموضوعات:
الوسوم: إضافة وسم
لا توجد وسوم, كن أول من يضع وسما على هذه التسجيلة!
رقم الطلب: DT95 .5 .M37
| LEADER | 00739nam a2200193Ia 4500 | ||
|---|---|---|---|
| 008 | 240329s9999||||xx |||||||||||||| ||und|| | ||
| 020 | |a 9789777043632 | ||
| 050 | 4 | |a DT95 .5 .M37 | |
| 100 | 1 | |a Ḥasanayn Muḥammad Rabīʻ. | |
| 245 | 1 | 0 | |a المرجع في تاريخ مصر في العصور الوسطى / al-Marjiʻ fī tārīkh Miṣr fī al-ʻuṣūr al-wusṭá |c Ḥasanayn Muḥammad Rabīʻ |
| 264 | 1 | |a Al-Qāhirah : |b al-Majlis al-Aʻlá lil-Thaqāfah, Lajnat al-Tārīkh, |c 2013. | |
| 300 | |a 711 |b illustrations |c 24 | ||
| 650 | |a 640-1517 | ||
| 650 | |a Egypt History 1250-1517 | ||
| 650 | |a Egypt History 640-1250 | ||
| 650 | |a Égypte Histoire 1250-1517 | ||
| 700 | 1 | |a Zubaydah Muḥammad ʻAṭā. | |
| 942 | |2 lcc |c BK | ||
| 999 | |c 57818 |d 57818 | ||
